LEADER 02164nam0 2200433 i 450 001 VAN0110677 005 20230801122519.599 017 70$2N$a9783319504872 100 $a20170914d2017 |0itac50 ba 101 $aeng 102 $aCH 105 $a|||| ||||| 200 1 $aDirected polymers in random environments$eécole d'été de probabilités de Saint-Flour XLVI?2016$fFrancis Comets 210 $a[Cham]$cSpringer$d2017 215 $aXV, 199 p.$cill.$d24 cm 461 1$1001VAN0102250$12001 $aLecture notes in mathematics$1210 $aBerlin [etc.]$cSpringer$v2175 500 1$3VAN0234291$aDirected polymers in random environments$91466418 606 $a60H05$xStochastic integrals [MSC 2020]$3VANC020013$2MF 606 $a60J10$xMarkov chains (discrete-time Markov processes on discrete state spaces) [MSC 2020]$3VANC020036$2MF 606 $a82B44$xDisordered systems (random Ising models, random Schrödinger operators, etc.) in equilibrium statistical mechanics [MSC 2020]$3VANC020487$2MF 606 $a60K37$xProcesses in random environments [MSC 2020]$3VANC020490$2MF 606 $a60F10$xLarge deviations [MSC 2020]$3VANC020796$2MF 610 $aKardar-Parisi-Zhang equation$9KW:K 610 $aLocalization$9KW:K 610 $aPinning transition$9KW:K 610 $aRandom media$9KW:K 610 $aRandom polymer models$9KW:K 620 $aCH$dCham$3VANL001889 700 1$aComets$bFrancis$3VANV085446$0739978 712 12$aÉcole d'été de probabilités de Saint-Flour$d46.$f2016$eSaint-Flour$3VANV085451 712 $aSpringer $3VANV108073$4650 801 $aIT$bSOL$c20240614$gRICA 856 4 $uhttp://dx.doi.org/10.1007/978-3-319-50487-2$zE-book ? Accesso al full-text attraverso riconoscimento IP di Ateneo, proxy e/o Shibboleth 899 $aBIBLIOTECA DEL DIPARTIMENTO DI MATEMATICA E FISICA$1IT-CE0120$2VAN08 912 $fN 912 $aVAN0110677 950 $aBIBLIOTECA DEL DIPARTIMENTO DI MATEMATICA E FISICA$d08CONS e-book $e08LNM2175 20170914 996 $aDirected polymers in random environments$91466418 997 $aUNICAMPANIA LEADER 02207nam0 22004453i 450 001 VAN0215505 005 20230606111051.966 017 70$2N$a9783030219703 100 $a20210922d2019 |0itac50 ba 101 $aeng 102 $aCH 105 $a|||| ||||| 200 1 $aEngineering of Scintillation Materials and Radiation Technologies$eSelected Articles of ISMART2018$fMikhail Korzhik, Alexander Gektin editors 210 $aCham$cSpringer$d2019 215 $axiii, 326 p.$cill.$d24 cm 410 1$1001VAN0132747$12001 $aSpringer Proceedings in Physics$1210 $aBerlin [etc.]$cSpringer$v200 500 1$3VAN0215506$aEngineering of Scintillation Materials and Radiation Technologies : Selected Articles of ISMART2018$91830162 606 $a00Bxx$xConference proceedings and collections of articles [MSC 2020]$3VANC021742$2MF 606 $a78-XX$xOptics, electromagnetic theory [MSC 2020]$3VANC022356$2MF 606 $a00A79 (77-XX)$xPhysics [MSC 2020]$3VANC023182$2MF 606 $a81V35$xNuclear physics [MSC 2020]$3VANC023270$2MF 610 $aConference Proceedings$9KW:K 610 $aCrystal Growth$9KW:K 610 $aFast photoluminescence$9KW:K 610 $aGamma ray detection$9KW:K 610 $aIonizing radiation detector$9KW:K 610 $aScintillator detectors$9KW:K 620 $aCH$dCham$3VANL001889 702 1$aGektin$bAlexander$3VANV167207 702 1$aKorzhik$bMikhail$3VANV167206 712 12$aEngineering of Scintillation Materials and Radiation Technologies Conference$d6.$f2018$eMinsk, Belarus$3VANV184371 712 $aSpringer $3VANV108073$4650 801 $aIT$bSOL$c20240614$gRICA 856 4 $uhttp://doi.org/10.1007/978-3-030-21970-3$zE-book ? Accesso al full-text attraverso riconoscimento IP di Ateneo, proxy e/o Shibboleth 899 $aBIBLIOTECA DEL DIPARTIMENTO DI MATEMATICA E FISICA$1IT-CE0120$2VAN08 912 $fN 912 $aVAN0215505 950 $aBIBLIOTECA DEL DIPARTIMENTO DI MATEMATICA E FISICA$d08CONS e-book 3889 $e08eMF3889 20210922 996 $aEngineering of Scintillation Materials and Radiation Technologies$91830162 997 $aUNICAMPANIA